HSK1 Vocabulary - Statistics

General Stats
  • This quiz has been taken 31 times
  • The average score is 97 of 150
Answer Stats
Hanzi Meaning in English Pinyin (no tones) % Correct
You ni
94%
Number, size, date hao
89%
Good hao
89%
Question particle ma
89%
That, there na
89%
Which na
89%
He ta
89%
She ta
89%
I, me wo
89%
我们 We, us women
89%
Eight ba
83%
No bu
83%
To read du
83%
Two er
83%
A few, how many ji
83%
Home, family jia
83%
Six liu
83%
Seven qi
83%
Hot re
83%
Person ren
83%
Three san
83%
Ten shi
83%
To be shi
83%
Four si
83%
Some xie
83%
To write xie
83%
谢谢 Thank you xiexie
83%
One yi
83%
In, at zai
83%
This, here zhe
83%
中国 China zhongguo
83%
To love ai
78%
爸爸 Father baba
78%
北京 Beijing beijing
78%
Tea cha
78%
Big da
78%
Possetion particle de
78%
Many, much duo
78%
Dog gou
78%
And he
78%
To drink he
78%
Very hen
78%
今天 Today jintian
78%
妈妈 Mother mama
78%
Cat mao
78%
Not mei
78%
米饭 Rice mifan
78%
明天 Tomorrow mingtian
78%
Book shu
78%
Water shui
78%
Five wu
78%
Down xia
78%
学生 Student xuesheng
78%
To do zuo
78%
To sit zuo
78%
Quantifier for books ben
72%
To eat chi
72%
O'clock dian
72%
General quantifier ge
72%
Nine jiu
72%
老师 Teacher laoshi
72%
Change particle le
72%
名字 Name mingzi
72%
哪儿 Where nar
72%
How about ne
72%
Year nian
72%
朋友 Friend pengyou
72%
To go qu
72%
Up shang
72%
Who shei
72%
什么 What, why shenme
72%
Small xiao
72%
喜欢 To like xihuan
72%
学习 To study xuexi
72%
To have you
72%
Month, moon yue
72%
杯子 Cup beizi
67%
不客气 You are welcome bukeqi
67%
多少 How many, how much duoshao
67%
To look kan
67%
苹果 Apple pingguo
67%
Money qian
67%
Please qing
67%
To speak shuo
67%
星期 Week xingqi
67%
学校 School xuexiao
67%
昨天 Yesterday zuotian
67%
电影 Movie, film dianying
61%
All, every dou
61%
对不起 Sorry duibuqi
61%
儿子 Son erzi
61%
To return hui
61%
To be able to hui
61%
女儿 Daughter nuer
61%
漂亮 Beautiful, pretty piaoliang
61%
上午 Morning shangwu
61%
Few, little shao
61%
To listen ting
61%
同学 Classmate tongxue
61%
To want xiang
61%
现在 Now xianzai
61%
下午 Afternoon xiawu
61%
医生 Doctor yisheng
61%
再见 See you later zaijian
61%
Character zi
61%
Dish cai
56%
饭店 Restaurant fandian
56%
高兴 Happy gaoxing
56%
To call jiao
56%
To open kai
56%
水果 Fruit shuiguo
56%
Quantifier for age sui
56%
怎么 How zenme
56%
中午 Noon zhongwu
56%
工作 To work gongzuo
50%
汉语 Mandarin Chinese hanyu
50%
To come lai
50%
Too, very tai
50%
一点儿 A little bit yidianr
50%
怎么样 How about zenmeyang
50%
电脑 Computer diannao
44%
电视 Television dianshi
44%
东西 Thing dongxi
44%
飞机 Airplane feiji
44%
A piece of kuai
44%
Cold leng
44%
To buy mai
44%
小姐 Miss xiaojie
44%
To live zhu
44%
分钟 Minute fenzhong
39%
看见 To see kanjian
39%
To can neng
39%
天气 Weather tianqi
39%
Hello wei
39%
先生 Sir xiansheng
39%
出租车 Taxi chuzuche
33%
没关系 No problem meiguanxi
33%
认识 To know renshi
33%
时候 Time shihou
33%
下雨 To rain xiayu
33%
衣服 Clothes yifu
33%
医院 Hospital yiyuan
33%
打电话 To make a phone call dadianhua
28%
后面 Behind houmian
28%
里面 Inside limian
28%
前面 Front qianmian
28%
商店 Store shangdian
28%
桌子 Desk zhuozi
28%
睡觉 To sleep shuijiao
22%
椅子 Chair yizi
22%
No matching quizzes found
Score Distribution
Percent of People with Each Score
Percentile by Number Answered
Your Score History
You have not taken this quiz